000 00674nam a22002417a 4500
003 UA-OsUOA
001 45277
007 ta
008 20110929b un ||||| |||| 00| 0 ukr d
100 _aСиленко Л.
090 _a01
_bС36
942 _cBR
040 _aUA-OsUOA
_bukr
_cUA-OsUOA
_dUA-OsUOA
245 _aСтворення новогго "Я"
300 _a32 с.
955 _a4
041 _aukr
080 _a01
260 _c1971
650 7 _a01 Бібліографія і бібліографії. Каталоги
_2UDC
999 _c425384
_d425384